The innocents abroad / (رقم التسجيلة. 19488)
[ عرض عادي ]
| 000 -الفاتح | |
|---|---|
| حقل البيانات ثابتة الطول | 01164 am a2200289ua 4500 |
| 001 - رقم الضبط | |
| رقم الضبط | 012590049 |
| 003 - محدد رقم الضبط | |
| رقم الضبط | OSt |
| 005 - وقت وتاريخ اخر تعامل مع التسجيلة | |
| رقم الضبط | 20150408113955.0 |
| 008 - عناصر البيانات ثابتة الطول - معلومات عامة | |
| حقل البيانات ثابتة الطول | 111210r19961869enkach || 000 ||eng |
| 010 ## - رقم ضبط مكتبة الكونجرس | |
| رقم ضبط مكتبة الكونجرس | 96012306 |
| 015 ## - رقم الببليوجرافية الوطنية | |
| رقم الببليوجرافية الوطنية | GB9728894 |
| المصدر | bnb |
| 020 ## - الرقم الدولى المعيارى للكتب | |
| الرقم الدولى المعيارى للكتاب | 9780199733491 |
| شروط الاتاحة | no price |
| 040 ## - مصدر الفهرسة | |
| وكالة الفهرسة الأصلية | DLC |
| وكالة النسخ | DLC |
| وكالة التعديل | Uk |
| 082 04 - رقم تصنيف ديوى العشرى | |
| رقم التصنيف | 914.04286 T M I |
| رقم الطبعة | 21 |
| 100 1# - المدخل الرئيسى - إسم شخصى | |
| الإسم الشخصى | Twain, Mark, |
| التواريخ المصاحبة للاسم | 1835-1910. |
| 240 10 - العنوان الموحد | |
| عنوان موحد | <a href="Innocents abroad, or, The new pilgrims progress">Innocents abroad, or, The new pilgrims progress</a> |
| 245 14 - بيان العنوان | |
| العنوان | The innocents abroad / |
| بيان المسئوليه,etc | Mark Twain ; foreword, Shelley Fisher Fishkin ; introduction, Mordecai Richler ; afterword, David E.E. Sloane. |
| 260 ## - PUBLICATION, DISTRIBUTION, ETC. (IMPRINT) | |
| مكان الناشر او الموزع | New York ; |
| -- | Oxford : |
| اسم الناشر او الموزع | Oxford University Press, |
| تاريخ النشر أو التوزيع | 1996. |
| 300 ## - الوصف المادى | |
| التعداد | xlv, 651p. : |
| تفاصيل ماديه اخرى للوعاء | ill., facsims., ports. ; |
| أبعاد الوعاء | 23cm. |
| 490 0# - بيان السلسلة | |
| عنوان السلسلة | The Oxford Mark Twain |
| 500 ## - تبصرة عامة | |
| تبصرة عامة | Facsim of ed. originally published as: The innocents abroad, or, The new pilgrims' progresss. Hartford, Conn. : American Publishing Company, 1869. |
| 651 #0 - المدخل الاضافى بالموضوع - اسم جغرافى | |
| الاسم الجغرافي | Middle East |
| التقسيم الفرعي العام | Description and travel. |
| 9 (RLIN) | 7515 |
| 651 #0 - المدخل الاضافى بالموضوع - اسم جغرافى | |
| الاسم الجغرافي | Europe |
| التقسيم الفرعي العام | Description and travel. |
| 9 (RLIN) | 7516 |
| 700 ## - المدخل الاضافى - اسم شخصى | |
| الإسم الشخصى | Fishkin, Shelley Fisher |
| 9 (RLIN) | 7389 |
| 942 ## - عناصر المدخل الإضافي( كوها) | |
| مصدر التصنيف او مخطط الترفيف | Dewey Decimal Classification |
| Koha [default] item type | DVD |
| حالة الفقد | نموذج السعر الفعال | حالة تلف | ليس للاعارة | رقم الطلب | تاريخ الاكتساب | الموقع الحالي | الباركود | الفرع الرئيسي | Date last seen | نوع المادة فى نظام كوها | مصدر التصنيف او خطة الترفيف | Total Checkouts |
|---|---|---|---|---|---|---|---|---|---|---|---|---|
| 2013-03-10 | 914.04286 T M I | 2011-12-10 | قسم الاجراءات الفنية (IC) | 00100928 | قسم الاجراءات الفنية (IC) | 2013-03-10 | كتاب | Dewey Decimal Classification | ||||
| 2013-03-10 | 914.04286 T M I | 2011-12-10 | قسم الاجراءات الفنية (IC) | 00100927 | قسم الاجراءات الفنية (IC) | 2013-03-10 | كتاب | Dewey Decimal Classification | ||||
| 2013-03-10 | 914.04286 T M I | 2011-12-10 | كلية الشريعة والقانون - طلاب | كلية الشريعة والقانون - طلاب | 2013-03-10 | كتاب | Dewey Decimal Classification |
